| 000 | 00845nam a22002175i 4500 | ||
|---|---|---|---|
| 001 | 159788 | ||
| 003 | ES-MaACL | ||
| 005 | 20250629063137.0 | ||
| 008 | 040726s1867 fr a |||| | fre d | ||
| 040 |
_aCAM _bspa _cCAM |
||
| 100 | 1 |
_aMirecourt, Eugène de, _d1812-1880 _9129980 |
|
| 245 | 1 | 0 |
_aIngres / _cpar Eugène de Mirecourt. |
| 260 |
_aParis : _bAchille Faure éditeur, _c1867 ( _eMirecourt : _fTyp. de L.-Ph. Costet) |
||
| 300 |
_a71 p., [1] h. de lám. ; _c14 cm. |
||
| 490 | 1 | _aHistoire contemporaine : portraits et silhouttes au XIX\pe\s siècle | |
| 599 | _aLa h. de lám. retrato de Ingres. | ||
| 600 | 1 | 4 |
_aIngres, Jean-Auguste-Dominique. _9150604 |
| 830 | 0 |
_aHistoire contemporaine : portraits et silhouttes au XIX\pe\s siècle _9188233 |
|
| 852 |
_aES-MaACL _jG-14947(1) _z-- Enc. hol. |
||
| 999 |
_c159788 _d159788 |
||